000 00400nam a22001457a 4500
020 _a0-534-37114-0
082 _a624.15
_bDAS
_cN-01, P-108
100 _aDas, Braja M.
_923492
245 _aFundamental of geotechnical engineering.
260 _aUSA
_bBrooks/Cole
300 _axiv, 593 p. :
_bill, :
_c12 Cm
526 _a0
_b0
_c0
_d624_150000000000000_DAS
650 _aNUST
_96342
942 _2ddc
_cBK
999 _c546291
_d546291